| 000 | 00921cam a22002174a 4500 | ||
|---|---|---|---|
| 020 | _a9780521898102 (hbk.) | ||
| 082 | 0 | 0 | _a330.12/20951 |
| 100 | 1 | _aHuang, Yasheng. | |
| 245 | 1 | 0 |
_aCapitalism with Chinese characteristics : _bentrepreneurship and the state / _cYasheng Huang. |
| 260 |
_aCambridge ; _aNew York : _bCambridge University Press, _cc2008. |
||
| 300 |
_axviii, 348 p. ; _c24 cm. |
||
| 504 | _aIncludes bibliographical references (p. 321-338) and index. | ||
| 650 | 0 |
_aCapitalism _951981 |
|
| 650 | 0 |
_aRural industries _951982 |
|
| 650 | 0 |
_aEntrepreneurship _951983 |
|
| 942 |
_2ddc _cBK |
||
| 999 |
_c554472 _d554472 |
||